Name the President by Last Name - Statistics

General Stats
  • This quiz has been taken 38 times
  • The average score is 36 of 44
Answer Stats
Last Name First Name % Correct
Washington George
100%
H. W. Bush George
100%
W. Bush George
100%
Obama Barack
97%
Trump Donald
97%
Biden Joe
97%
Adams John
97%
Quincy Adams John
97%
Tyler John
97%
F. Kennedy John
97%
Lincoln Abraham
93%
Reagan Ronald
93%
Jefferson Thomas
93%
Clinton Bill
90%
Madison James
90%
Monroe James
90%
K. Polk James
90%
Buchanan James
90%
A. Garfield James
90%
B. Johnson Lyndon
90%
D. Eisenhower Dwight
86%
Carter JImmy
86%
Nixon Richard
83%
S. Grant Ulysses
83%
Jackson Andrew
79%
Johnson Andrew
79%
Henry Harrison William
79%
McKinley William
79%
Howard Taft William
79%
Ford Gerald
76%
Hoover Herbert
76%
Roosevelt Theodore
76%
Wilson Woodrow
76%
Pierce Franklin
72%
D. Roosevelt Franklin
72%
Van Buren Martin
72%
Harrison Benjamin
69%
B. Hayes Rutherford
69%
Cooldige Calvin
66%
Cleveland Grover
66%
A. Arthur Chester
62%
Taylor Zachary
59%
Fillmore Millard
55%
G. Harding Warren
55%
No matching quizzes found
Score Distribution
Percent of People with Each Score
Percentile by Number Answered
Your Score History
You have not taken this quiz